[Event "Midland Ch Forrest Cup"]
[Site "Derby"]
[Date "1991.03.23"]
[Round "4"]
[White "Naylor, John"]
[Black "Buckley, Graeme N"]
[Result "0-1"]
[WhiteElo "2128"]
[BlackElo "2224"]
[PlyCount "114"]
[EventDate "1991.03.22"]
[EventType "swiss"]
[EventRounds "6"]
[EventCountry "ENG"]
[SourceTitle "BritBase"]
[Source "John Saunders"]
[SourceDate "2022.11.28"]
[SourceVersion "1"]
[SourceVersionDate "2022.08.23"]
[SourceQuality "1"]

1. e4 c5 2. Nf3 d6 3. d4 cxd4 4. Nxd4 Nf6 5. Nc3 e6 6. Be2 Be7 7. O-O O-O 8.
Be3 a6 9. f4 Nc6 10. Qe1 Nxd4 11. Bxd4 b5 12. a3 Bd7 13. Qg3 Bc6 14. Rae1 Qd7
15. Bd3 a5 16. e5 dxe5 17. Bxe5 Ne8 18. f5 f6 19. fxe6 Qa7+ 20. Kh1 fxe5 21.
Qxe5 Rxf1+ 22. Rxf1 Bf6 23. Qh5 g6 24. Qe2 Bxc3 25. bxc3 Qc5 26. e7 Ng7 27. a4
Re8 28. axb5 Bd5 29. c4 Bf7 30. Qf3 Rxe7 31. Qa8+ Re8 32. Qxa5 Bxc4 33. Qc3 Rc8
34. Bxc4+ Qxc4 35. Qf3 h6 36. b6 Qb5 37. h3 Qxb6 38. Qf7+ Kh7 39. c4 Qc7 40.
Qf6 Qxc4 41. Re1 Qc6 42. Qb2 Rc7 43. Qe5 Rf7 44. Re2 Qc7 45. Qxc7 Rxc7 46. Kh2
Rc3 47. Rd2 h5 48. Re2 h4 49. Re4 Nf5 50. Rf4 Kg7 51. Ra4 Rc2 52. Re4 Kf6 53.
Rg4 Re2 54. Ra4 Kg5 55. Rg4+ Kh5 56. Ra4 Ne3 57. Ra5+ Kh6 0-1

[Event "Midland Ch Forrest Cup"]
[Site "Derby"]
[Date "1991.03.23"]
[Round "4"]
[White "Robinson, John K"]
[Black "Tatlow, Stephen"]
[Result "1-0"]
[WhiteElo "1968"]
[BlackElo "2104"]
[PlyCount "61"]
[EventDate "1991.03.22"]
[EventType "swiss"]
[EventRounds "6"]
[EventCountry "ENG"]
[SourceTitle "BritBase"]
[Source "John Saunders"]
[SourceDate "2022.11.28"]
[SourceVersion "1"]
[SourceVersionDate "2022.08.23"]
[SourceQuality "1"]

1. d4 d5 2. Nf3 Nf6 3. c4 dxc4 4. Nc3 a6 5. a4 e6 6. e3 c5 7. Bxc4 cxd4 8. exd4
Bb4 9. O-O O-O 10. Qe2 Nc6 11. Rd1 Bxc3 12. bxc3 Nd5 13. Bd2 Qc7 14. g3 Bd7 15.
Bd3 h6 16. c4 Nf6 17. Bf4 Qd8 18. Bb1 Ne7 19. Be5 Ng6 20. h4 Re8 21. Nh2 Nf8
22. Ng4 N8h7 23. Nxf6+ Nxf6 24. Qd3 Bc6 25. f3 b6 26. Kf2 Ra7 27. h5 Kf8 28.
Rh1 Ng8 29. Qc3 Rd7 30. d5 exd5 31. Bxg7+ 1-0

[Event "Midland Ch Forrest Cup"]
[Site "Derby"]
[Date "1991.03.23"]
[Round "4"]
[White "Rose, Kenneth T"]
[Black "Ledger, Dave J"]
[Result "1-0"]
[WhiteElo "2040"]
[BlackElo "2160"]
[PlyCount "65"]
[EventDate "1991.03.22"]
[EventType "swiss"]
[EventRounds "6"]
[EventCountry "ENG"]
[SourceTitle "BritBase"]
[Source "John Saunders"]
[SourceDate "2022.11.28"]
[SourceVersion "1"]
[SourceVersionDate "2022.08.23"]
[SourceQuality "1"]

1. e4 Nf6 2. e5 Nd5 3. c4 Nb6 4. d4 d6 5. exd6 cxd6 6. Bd3 g6 7. Nc3 Bg7 8.
Nge2 Nc6 9. Be3 O-O 10. O-O Nb4 11. b3 Nxd3 12. Qxd3 Bf5 13. Qd2 Re8 14. d5 Rc8
15. Bd4 a6 16. Bxg7 Kxg7 17. Nd4 Bd7 18. Ne4 Na8 19. f4 b5 20. f5 Qb6 21. Kh1
bxc4 22. f6+ exf6 23. Nxf6 Re7 24. Nxd7 Rxd7 25. Nc6 cxb3 26. Qc3+ Kg8 27. Ne7+
Rxe7 28. Qxc8+ Kg7 29. Qxa8 b2 30. Rab1 Re2 31. Qc6 Qd4 32. Qxd6 Rxg2 33. Qf6+
1-0

[Event "Midland Ch Forrest Cup"]
[Site "Derby"]
[Date "1991.03.23"]
[Round "4"]
[White "Southall, Andrew C"]
[Black "Waddingham, Graham A"]
[Result "0-1"]
[WhiteElo "1984"]
[BlackElo "2048"]
[PlyCount "84"]
[EventDate "1991.03.22"]
[EventType "swiss"]
[EventRounds "6"]
[EventCountry "ENG"]
[SourceTitle "BritBase"]
[Source "John Saunders"]
[SourceDate "2022.11.28"]
[SourceVersion "1"]
[SourceVersionDate "2022.08.23"]
[SourceQuality "1"]

1. e4 e5 2. Nf3 Nc6 3. Bb5 a6 4. Ba4 b5 5. Bb3 Bc5 6. c3 Qf6 7. O-O Nge7 8. d4
exd4 9. Bg5 Qg6 10. Bxe7 Bxe7 11. cxd4 O-O 12. d5 Na5 13. Bc2 d6 14. e5 Qh5 15.
a4 Bg4 16. Nbd2 dxe5 17. axb5 axb5 18. Qe2 Nc4 19. Nxc4 bxc4 20. Rxa8 Rxa8 21.
Qxc4 Bxf3 22. gxf3 Qxf3 23. Qxc7 Bf6 24. Qc4 g6 25. Be4 Qg4+ 26. Kh1 Bg5 27. f3
Qh3 28. d6 Rd8 29. Rd1 Bf4 30. Qe2 Kg7 31. b4 Qe6 32. Qa6 Qb3 33. Qd3 Qxb4 34.
d7 Qb6 35. Qc2 Qe6 36. Bc6 Kh6 37. Kg2 Kg7 38. Kg1 Qh3 39. Qg2 Qf5 40. Qa2 Be3+
41. Kh1 Bd4 42. Qa5 Rxd7 0-1

[Event "Midland Ch Forrest Cup"]
[Site "Derby"]
[Date "1991.03.23"]
[Round "4"]
[White "Stimpson, Paul"]
[Black "Eames, Robert S"]
[Result "0-1"]
[WhiteElo "1800"]
[BlackElo "2008"]
[PlyCount "60"]
[EventDate "1991.03.22"]
[EventType "swiss"]
[EventRounds "6"]
[EventCountry "ENG"]
[SourceTitle "BritBase"]
[Source "John Saunders"]
[SourceDate "2022.11.28"]
[SourceVersion "1"]
[SourceVersionDate "2022.08.23"]
[SourceQuality "1"]

1. e4 e5 2. Nf3 Nc6 3. Bb5 a6 4. Ba4 Nf6 5. O-O Be7 6. Re1 b5 7. Bb3 O-O 8. c3
d5 9. exd5 Nxd5 10. Nxe5 Nxe5 11. Rxe5 c6 12. d4 Bd6 13. Re1 Qh4 14. g3 Qh3 15.
Be3 Bg4 16. Qd3 Rae8 17. Qf1 Qh5 18. Nd2 Re6 19. a4 bxa4 20. Rxa4 f5 21. f4
Rfe8 22. Qf2 g5 23. Raa1 gxf4 24. gxf4 Kh8 25. Bxd5 cxd5 26. Nf1 Rg8 27. Ng3
Bf3 28. Qf1 Be4 29. Rxa6 Rxg3+ 30. hxg3 Qh1+ 0-1

[Event "Midland Ch Forrest Cup"]
[Site "Derby"]
[Date "1991.03.23"]
[Round "4"]
[White "Thomas, CD."]
[Black "Gibbons, Michael J"]
[Result "0-1"]
[WhiteElo "1616"]
[BlackElo "1808"]
[PlyCount "98"]
[EventDate "1991.03.22"]
[EventType "swiss"]
[EventRounds "6"]
[EventCountry "ENG"]
[SourceTitle "BritBase"]
[Source "John Saunders"]
[SourceDate "2022.11.28"]
[SourceVersion "1"]
[SourceVersionDate "2022.08.23"]
[SourceQuality "1"]

1. d4 d5 2. Nf3 Nf6 3. Bg5 e6 4. e3 Be7 5. Nbd2 Nbd7 6. Bd3 c5 7. c3 b6 8. Qe2
Bb7 9. a3 Ne4 10. Bxe7 Qxe7 11. Bb5 O-O 12. Bxd7 Qxd7 13. Ne5 Qe7 14. O-O f6
15. Nef3 a5 16. c4 Ba6 17. Rfc1 Rfd8 18. Qe1 Nxd2 19. Nxd2 Rac8 20. cxd5 exd5
21. Nf3 c4 22. Qd2 a4 23. Rc3 b5 24. Rc2 Rb8 25. Qb4 Qxb4 26. axb4 Bc8 27. Ne1
Bf5 28. Rc3 g5 29. h3 Rd7 30. Kh2 Re8 31. Nc2 Bxc2 32. Rxc2 Kf7 33. g4 Kg6 34.
Rg1 Rde7 35. Kg3 h6 36. Rc3 Re4 37. Kh2 h5 38. Rg3 hxg4 39. Rxg4 Rxg4 40. hxg4
Rh8+ 41. Kg2 Rh4 42. f3 f5 43. gxf5+ Kxf5 44. Kg3 Rh1 45. Rc2 Ra1 46. Rd2 Ra2
47. e4+ dxe4 48. fxe4+ Kxe4 49. d5 c3 0-1

[Event "Midland Ch Forrest Cup"]
[Site "Derby"]
[Date "1991.03.23"]
[Round "4"]
[White "Timmins, Chris P"]
[Black "Alcock, Michael W"]
[Result "0-1"]
[WhiteElo "2024"]
[BlackElo "2144"]
[PlyCount "106"]
[EventDate "1991.03.22"]
[EventType "swiss"]
[EventRounds "6"]
[EventCountry "ENG"]
[SourceTitle "BritBase"]
[Source "John Saunders"]
[SourceDate "2022.11.28"]
[SourceVersion "1"]
[SourceVersionDate "2022.08.23"]
[SourceQuality "1"]

1. e4 Nf6 2. e5 Nd5 3. Nc3 Nxc3 4. dxc3 d5 5. Bf4 Bf5 6. Ne2 e6 7. Qd2 Be7 8.
Ng3 Bg6 9. Be2 Nd7 10. O-O-O c6 11. Kb1 Qc7 12. Rhe1 O-O-O 13. Bf1 Nb6 14. b3
c5 15. Kb2 c4 16. Ne2 Qc5 17. Nd4 Kb8 18. b4 Na4+ 19. Ka1 Qb6 20. Rb1 Rc8 21.
Be3 Qd8 22. f4 Be4 23. g4 Qd7 24. Bf2 h5 25. h3 hxg4 26. hxg4 Rh2 27. Re2 Bh4
28. Bg1 Rh1 29. Be3 Bg3 30. Bg2 Rxb1+ 31. Kxb1 g5 32. a3 gxf4 33. Bf2 Rh8 34.
Nf3 Bxf3 35. Bxf3 Bxf2 36. Rxf2 Qe7 37. Qxf4 Nxc3+ 38. Ka1 Qd7 39. Qd4 Nb5 40.
Qb2 d4 41. Re2 Rh3 42. Rf2 Nc3 43. g5 Qa4 44. g6 fxg6 45. Bg2 Re3 46. Rf8+ Kc7
47. Rf7+ Kd8 48. Rf8+ Ke7 49. Rf1 Nb5 50. Kb1 Rxa3 51. Rf4 Nc3+ 52. Kc1 Ra1+
53. Kd2 Rd1# 0-1

[Event "Midland Ch Forrest Cup"]
[Site "Derby"]
[Date "1991.03.23"]
[Round "4"]
[White "Vere, Joe W"]
[Black "Cockerill, Frank S"]
[Result "0-1"]
[WhiteElo "1840"]
[BlackElo "2056"]
[PlyCount "42"]
[EventDate "1991.03.22"]
[EventType "swiss"]
[EventRounds "6"]
[EventCountry "ENG"]
[SourceTitle "BritBase"]
[Source "John Saunders"]
[SourceDate "2022.11.28"]
[SourceVersion "1"]
[SourceVersionDate "2022.08.23"]
[SourceQuality "1"]

1. d4 Nf6 2. e3 g6 3. Nf3 Bg7 4. Be2 d6 5. c4 O-O 6. O-O Qe8 7. Nc3 e5 8. b4 c6
9. Bb2 e4 10. Nd2 h5 11. Qc2 Bf5 12. Nb3 Qe7 13. a4 Nh7 14. Qd2 Ng5 15. Kh1 Nd7
16. b5 Nf6 17. Rae1 Rae8 18. Bc1 Ng4 19. Nd1 d5 20. f4 exf3 21. gxf3 Qd6 0-1

[Event "Midland Ch Forrest Cup"]
[Site "Derby"]
[Date "1991.03.24"]
[Round "5"]
[White "Alcock, Michael W"]
[Black "Barnes, Michael H"]
[Result "0-1"]
[WhiteElo "2144"]
[BlackElo "2144"]
[PlyCount "86"]
[EventDate "1991.03.22"]
[EventType "swiss"]
[EventRounds "6"]
[EventCountry "ENG"]
[SourceTitle "BritBase"]
[Source "John Saunders"]
[SourceDate "2022.11.28"]
[SourceVersion "1"]
[SourceVersionDate "2022.08.23"]
[SourceQuality "1"]

1. e4 e5 2. Nf3 Nc6 3. Bb5 g6 4. c3 d6 5. d4 Bd7 6. O-O Bg7 7. Bg5 f6 8. Be3
Nh6 9. dxe5 dxe5 10. Bc5 Bf8 11. Qd5 Bxc5 12. Qxc5 Nf7 13. Nbd2 Nd6 14. Ba4 O-O
15. Rad1 Kg7 16. Rfe1 a5 17. a3 b6 18. Qe3 Qe8 19. c4 Nb7 20. Bxc6 Bxc6 21. b4
axb4 22. axb4 Qe7 23. Qc3 Rfd8 24. Ra1 Qd6 25. b5 Be8 26. Nb3 Nc5 27. Nbd2 Bf7
28. h4 Qd3 29. Qxd3 Nxd3 30. Reb1 Kf8 31. Kf1 Ke7 32. g3 Rxa1 33. Rxa1 Nb2 34.
Rc1 Rd3 35. Rc2 Na4 36. Ke2 Ra3 37. g4 Be6 38. g5 Bg4 39. gxf6+ Kxf6 40. Rc1
Nc5 41. Rg1 h5 42. Rg3 Ne6 43. Kf1 Nf4 0-1

[Event "Midland Ch Forrest Cup"]
[Site "Derby"]
[Date "1991.03.24"]
[Round "5"]
[White "Buckley, Graeme N"]
[Black "Ledger, Andrew J"]
[Result "1-0"]
[WhiteElo "2224"]
[BlackElo "2312"]
[PlyCount "59"]
[EventDate "1991.03.22"]
[EventType "swiss"]
[EventRounds "6"]
[EventCountry "ENG"]
[SourceTitle "BritBase"]
[Source "John Saunders"]
[SourceDate "2022.11.28"]
[SourceVersion "1"]
[SourceVersionDate "2022.08.23"]
[SourceQuality "1"]

1. d4 Nf6 2. Nf3 g6 3. Nc3 d5 4. Bf4 Bg7 5. e3 O-O 6. Be2 b6 7. Ne5 Bb7 8. h4
Nfd7 9. h5 Nxe5 10. Bxe5 Bxe5 11. dxe5 e6 12. Qd4 Qg5 13. f4 Qg3+ 14. Kf1 c5
15. Qd3 Ba6 16. Qd2 f5 17. Bxa6 Nxa6 18. Rh3 Qg4 19. Qf2 d4 20. Nd1 d3 21. Nc3
Nb4 22. Rh4 Qxh4 23. Qxh4 Nxc2 24. hxg6 hxg6 25. Rb1 Nxe3+ 26. Kf2 Ng4+ 27. Kf3
Kf7 28. Qh7+ Ke8 29. Nb5 Rd8 30. Nc7# 1-0

[Event "Midland Ch Forrest Cup"]
[Site "Derby"]
[Date "1991.03.24"]
[Round "5"]
[White "Clarke, Peter C"]
[Black "Southall, Andrew C"]
[Result "0-1"]
[WhiteElo "1920"]
[BlackElo "1984"]
[PlyCount "60"]
[EventDate "1991.03.22"]
[EventType "swiss"]
[EventRounds "6"]
[EventCountry "ENG"]
[SourceTitle "BritBase"]
[Source "John Saunders"]
[SourceDate "2022.11.28"]
[SourceVersion "1"]
[SourceVersionDate "2022.08.23"]
[SourceQuality "1"]

1. c4 Nf6 2. g3 g6 3. Bg2 Bg7 4. Nc3 O-O 5. e4 d6 6. Nge2 Na6 7. O-O Rb8 8. h3
Bd7 9. a4 Nb4 10. d4 c5 11. dxc5 dxc5 12. Be3 Qc8 13. e5 Ne8 14. f4 Bxh3 15.
Bxh3 Qxh3 16. Bxc5 Nc6 17. Nd5 e6 18. Ne7+ $2 (18. Ne3 $18) 18... Nxe7 19. Bxe7
f6 20. Rf2 $2 (20. Bxf8 $11) 20... Rf7 21. Rh2 $2 Qg4 22. Rh4 Qf3 23. Ra3 Qe4
24. Nc3 Qe3+ 25. Kh2 Rxe7 26. Nd5 Qf2+ 27. Kh1 exd5 28. b4 Rd8 29. c5 fxe5 30.
Rd3 e4 0-1

[Event "Midland Ch Forrest Cup"]
[Site "Derby"]
[Date "1991.03.24"]
[Round "5"]
[White "Cockerill, Frank S"]
[Black "Naylor, John"]
[Result "0-1"]
[WhiteElo "2056"]
[BlackElo "2128"]
[PlyCount "80"]
[EventDate "1991.03.22"]
[EventType "swiss"]
[EventRounds "6"]
[EventCountry "ENG"]
[SourceTitle "BritBase"]
[Source "John Saunders"]
[SourceDate "2022.11.28"]
[SourceVersion "1"]
[SourceVersionDate "2022.08.23"]
[SourceQuality "1"]

1. d4 Nf6 2. c4 g6 3. Nc3 Bg7 4. e4 d6 5. f4 O-O 6. Nf3 c5 7. d5 e6 8. Be2 exd5
9. cxd5 Re8 10. e5 dxe5 11. fxe5 Ng4 12. O-O Nxe5 13. Bf4 Qb6 14. d6 Nxf3+ 15.
Bxf3 Qxb2 16. Nd5 Qd4+ 17. Kh1 Nc6 18. Qxd4 Bxd4 19. Nc7 Be6 20. Nxa8 Rxa8 21.
Rab1 Rd8 22. Rxb7 Ne5 23. Bh6 c4 24. Rfb1 Bb6 25. R1xb6 axb6 26. Rxb6 c3 27. a4
c2 28. Rb7 Nc4 29. h3 Nxd6 30. Ra7 Nf5 31. Bf4 Rd1+ 32. Kh2 c1=Q 33. Bxc1 Rxc1
34. a5 Nd4 35. Ra8+ Kg7 36. Bb7 Ra1 37. a6 Nb5 38. Rd8 Kf6 39. Kg3 Ke7 40. Rd2
Nc7 0-1

[Event "Midland Ch Forrest Cup"]
[Site "Derby"]
[Date "1991.03.24"]
[Round "5"]
[White "Cooper, Lawrence"]
[Black "Nelson, Jonathan P"]
[Result "1/2-1/2"]
[WhiteElo "2240"]
[BlackElo "2160"]
[PlyCount "51"]
[EventDate "1991.03.22"]
[EventType "swiss"]
[EventRounds "6"]
[EventCountry "ENG"]
[SourceTitle "BritBase"]
[Source "John Saunders"]
[SourceDate "2022.11.28"]
[SourceVersion "1"]
[SourceVersionDate "2022.08.23"]
[SourceQuality "1"]

1. e4 c5 2. Nf3 Nc6 3. d4 cxd4 4. Nxd4 Nf6 5. Nc3 e5 6. Ndb5 d6 7. Bg5 a6 8.
Na3 b5 9. Nd5 Be7 10. Bxf6 Bxf6 11. c3 O-O 12. Nc2 Bg5 13. Be2 Bb7 14. a4 bxa4
15. Rxa4 a5 16. Nce3 Bxe3 17. Nxe3 Ne7 18. Qd3 Qd7 19. b3 Bc6 20. Ra3 Qb7 21.
Qxd6 Ng6 22. O-O Bxe4 23. Rd1 h6 24. Qd2 Qe7 25. Rda1 Rad8 26. Qe1 1/2-1/2

[Event "Midland Ch Forrest Cup"]
[Site "Derby"]
[Date "1991.03.24"]
[Round "5"]
[White "Edwards, Louis Alan"]
[Black "Eames, Robert S"]
[Result "1-0"]
[WhiteElo "2216"]
[BlackElo "2008"]
[PlyCount "67"]
[EventDate "1991.03.22"]
[EventType "swiss"]
[EventRounds "6"]
[EventCountry "ENG"]
[SourceTitle "BritBase"]
[Source "John Saunders"]
[SourceDate "2022.11.28"]
[SourceVersion "1"]
[SourceVersionDate "2022.08.23"]
[SourceQuality "1"]

1. e4 e5 2. Nf3 Nc6 3. Nc3 Nf6 4. d4 exd4 5. Nxd4 Bb4 6. Nxc6 bxc6 7. Bd3 d5 8.
exd5 O-O 9. O-O cxd5 10. Bg5 c6 11. Qf3 Be7 12. Rae1 Rb8 13. Nd1 Bg4 14. Qe3
Re8 15. Qxa7 Bxd1 16. Rxd1 Rxb2 17. Rfe1 h6 18. Bc1 Rb8 19. Bf4 Bd6 20. Rxe8+
Nxe8 21. Bxd6 Nxd6 22. a4 Ra8 23. Qc5 Qc7 24. Ra1 Ra5 25. Qd4 c5 26. Qe5 c4 27.
Be2 Qc5 28. Bf3 Qb4 29. g3 c3 30. Rd1 Rxa4 31. Qxd5 Nc4 32. Re1 Qd6 33. Re8+
Kh7 34. Be4+ 1-0

[Event "Midland Ch Forrest Cup"]
[Site "Derby"]
[Date "1991.03.24"]
[Round "5"]
[White "Hebden, Mark L"]
[Black "Rose, Kenneth T"]
[Result "1-0"]
[WhiteElo "2512"]
[BlackElo "2040"]
[PlyCount "43"]
[EventDate "1991.03.22"]
[EventType "swiss"]
[EventRounds "6"]
[EventCountry "ENG"]
[SourceTitle "BritBase"]
[Source "John Saunders"]
[SourceDate "2022.11.28"]
[SourceVersion "1"]
[SourceVersionDate "2022.08.23"]
[SourceQuality "1"]

1. d4 Nf6 2. Nf3 d5 3. c4 e6 4. Bg5 h6 5. Bh4 g5 6. Bg3 Ne4 7. Qa4+ Bd7 8. Qb3
Bc6 9. Nfd2 Nxg3 10. hxg3 Bg7 11. e3 Nd7 12. Nc3 Nf6 13. Rc1 Ng4 14. cxd5 exd5
15. Bb5 O-O 16. Bxc6 bxc6 17. Nd1 Bxd4 18. exd4 Re8+ 19. Ne3 Qf6 20. O-O Rxe3
21. fxe3 Qg6 22. Rf3 1-0

[Event "Midland Ch Forrest Cup"]
[Site "Derby"]
[Date "1991.03.24"]
[Round "5"]
[White "Jackson, Oliver A"]
[Black "Evans, Raymond G"]
[Result "1/2-1/2"]
[WhiteElo "2128"]
[BlackElo "2152"]
[PlyCount "96"]
[EventDate "1991.03.22"]
[EventType "swiss"]
[EventRounds "6"]
[EventCountry "ENG"]
[SourceTitle "BritBase"]
[Source "John Saunders"]
[SourceDate "2022.11.28"]
[SourceVersion "1"]
[SourceVersionDate "2022.08.23"]
[SourceQuality "1"]

1. e4 e5 2. f4 exf4 3. Bc4 d5 4. Bxd5 Nf6 5. Nc3 Bb4 6. Nf3 Bxc3 7. dxc3 c6 8.
Bc4 Qxd1+ 9. Kxd1 O-O 10. Bxf4 Nxe4 11. Re1 Bf5 12. Ke2 Nd7 13. Kf1 Ndc5 14.
Re2 Rad8 15. Rae1 b5 16. Bb3 Nxb3 17. axb3 Nf6 18. Be3 a6 19. Bc5 Rfe8 20. Be7
Rc8 21. Bxf6 Rxe2 22. Rxe2 gxf6 23. Nd4 Bg6 24. b4 c5 25. bxc5 Rxc5 26. Re8+
Kg7 27. Ra8 Rd5 28. Rxa6 b4 29. Rc6 bxc3 30. bxc3 Be4 31. Rc7 Ra5 32. Kf2 Bxc2
33. Nxc2 Ra2 34. Kf3 Rxc2 35. h3 f5 36. Rc6 h5 37. g3 f6 38. Rc7+ Kg6 39. h4
Rc1 40. Rc8 Kg7 41. c4 Rf1+ 42. Ke2 Rg1 43. Kf2 Rc1 44. c5 Kg6 45. c6 f4 46.
gxf4 Kf5 47. Ke3 Rc3+ 48. Kd4 Rc1 {"later moves illegible. Draw after 53." 
(bulletin)} 1/2-1/2

[Event "Midland Ch Forrest Cup"]
[Site "Derby"]
[Date "1991.03.24"]
[Round "5"]
[White "Ledger, Dave J"]
[Black "Robinson, John K"]
[Result "1-0"]
[WhiteElo "2160"]
[BlackElo "1968"]
[PlyCount "81"]
[EventDate "1991.03.22"]
[EventType "swiss"]
[EventRounds "6"]
[EventCountry "ENG"]
[SourceTitle "BritBase"]
[Source "John Saunders"]
[SourceDate "2022.11.28"]
[SourceVersion "1"]
[SourceVersionDate "2022.08.23"]
[SourceQuality "1"]

1. e4 e5 2. Bc4 Nc6 3. Nf3 Nf6 4. d3 Be7 5. O-O O-O 6. Re1 d6 7. c3 Nd7 8. Nbd2
Nb6 9. Bb3 Be6 10. Bc2 Bg4 11. h3 Bh5 12. Nf1 Kh8 13. g4 Bg6 14. Ng3 d5 15. Qe2
d4 16. cxd4 Bb4 17. d5 Nd4 18. Nxd4 Bxe1 19. Nf3 Bb4 20. Nxe5 Bd6 21. f4 Bxe5
22. fxe5 Re8 23. Bf4 a5 24. Nf5 a4 25. d4 Bxf5 26. gxf5 Qh4 27. Qg4 Qxg4+ 28.
hxg4 Nc4 29. Rb1 b5 30. Bd3 Ra7 31. b3 axb3 32. axb3 Na3 33. Rc1 b4 34. e6 fxe6
35. dxe6 h6 36. Rxc7 Rxc7 37. Bxc7 Rc8 38. e7 Kg8 39. d5 Kf7 40. d6 Ke8 41. e5
1-0

[Event "Midland Ch Forrest Cup"]
[Site "Derby"]
[Date "1991.03.24"]
[Round "5"]
[White "Ledger, Stephen C"]
[Black "Bryce, Andrew"]
[Result "0-1"]
[WhiteElo "2040"]
[BlackElo "2200"]
[PlyCount "106"]
[EventDate "1991.03.22"]
[EventType "swiss"]
[EventRounds "6"]
[EventCountry "ENG"]
[SourceTitle "BritBase"]
[Source "John Saunders"]
[SourceDate "2022.11.28"]
[SourceVersion "1"]
[SourceVersionDate "2022.08.23"]
[SourceQuality "1"]

1. f4 d5 2. Nf3 g6 3. e3 Bg7 4. d4 Nh6 5. Bd3 O-O 6. O-O c5 7. c3 Bf5 8. h3
Bxd3 9. Qxd3 Nf5 10. g4 Ng3 11. Rf2 Ne4 12. Rg2 Nd7 13. Nbd2 Ndf6 14. Nf1 Rc8
15. Bd2 Qc7 16. Ne5 Ne8 17. Ng3 f6 18. Nxe4 c4 19. Nxc4 dxe4 20. Qxe4 Qxc4 21.
Qxe7 Nc7 22. Qe4 Rfe8 23. Qc2 Qd5 24. c4 Qf3 25. Rf1 Qxh3 26. f5 Nd5 27. fxg6
Nxe3 28. gxh7+ Kh8 29. Bxe3 Qxe3+ 30. Kh1 Qxd4 31. Qg6 Qxc4 32. Rd1 Re3 33.
Rgd2 Qe4+ 34. Qxe4 Rxe4 35. Rd7 Rxg4 36. Rxb7 Rc2 37. Rxa7 Rxb2 38. a4 Ra2 39.
a5 Rga4 40. Rd5 Kxh7 41. Rdd7 Rg4 42. a6 Kh6 43. Rd6 Rb4 44. Rb7 Rxb7 45. axb7
Rb2 46. Rd7 Kg6 47. Kg1 Bh6 48. Kf1 Kf5 49. Rf7 Bg5 50. Kg1 Ke4 51. Rc7 Kf3 52.
Rc3+ Be3+ 53. Kh1 Rxb7 0-1

[Event "Midland Ch Forrest Cup"]
[Site "Derby"]
[Date "1991.03.24"]
[Round "5"]
[White "Richmond, Peter A"]
[Black "Raynes, Paul C"]
[Result "0-1"]
[WhiteElo "2176"]
[BlackElo "2184"]
[PlyCount "82"]
[EventDate "1991.03.22"]
[EventType "swiss"]
[EventRounds "6"]
[EventCountry "ENG"]
[SourceTitle "BritBase"]
[Source "John Saunders"]
[SourceDate "2022.11.28"]
[SourceVersion "1"]
[SourceVersionDate "2022.08.23"]
[SourceQuality "1"]

1. e4 d6 2. d4 Nf6 3. Nc3 g6 4. f4 Bg7 5. e5 Nfd7 6. Nf3 c5 7. Ng5 cxd4 8. e6
Nc5 9. exf7+ Kf8 10. Nce4 Nxe4 11. Nxe4 Kxf7 12. Qf3 e6 13. Bd3 Nc6 14. Bd2 h6
15. O-O-O d5 16. Nf2 a5 17. Qg3 Ne7 18. Ng4 Nf5 19. Qf3 Qb6 20. Ne5+ Kg8 21.
Nxg6 Ne3 22. Bxe3 dxe3 23. Ne5 Bd7 24. Qh5 Be8 25. Qg4 a4 26. a3 Rc8 27. h4 h5
28. Qe2 $16 d4 {('Qd4')} 29. Rh3 Rc3 $6 30. Rg3 (30. bxc3 Bxe5 31. fxe5 dxc3
32. Rg3+ Kf8 33. Qf1+ $18) 30... Qc5 31. b4 $4 (31. bxc3 Qxa3+ 32. Kb1 dxc3 33.
Nc4 $18) 31... axb3 32. Kb2 bxc2 33. Bxc2 Rxa3 34. Rd3 Qb4+ 35. Rb3 Rxb3+ 36.
Bxb3 Qc3+ 37. Ka2 Rh6 38. f5 Kf8 39. Ng6+ Rxg6 40. fxg6 d3 41. Qf3+ Ke7 0-1

[Event "Midland Ch Forrest Cup"]
[Site "Derby"]
[Date "1991.03.24"]
[Round "5"]
[White "Smith, Graham M"]
[Black "Burke, Steven J"]
[Result "1/2-1/2"]
[WhiteElo "2040"]
[BlackElo "1928"]
[PlyCount "74"]
[EventDate "1991.03.22"]
[EventType "swiss"]
[EventRounds "6"]
[EventCountry "ENG"]
[SourceTitle "BritBase"]
[Source "John Saunders"]
[SourceDate "2022.11.28"]
[SourceVersion "1"]
[SourceVersionDate "2022.08.23"]
[SourceQuality "1"]

1. b3 d5 2. Bb2 e6 3. f4 Nf6 4. Nf3 b6 5. e3 Bd6 6. Ne5 Bb7 7. Be2 O-O 8. O-O
c5 9. c4 Nfd7 10. Na3 a6 11. Bf3 f6 12. cxd5 exd5 13. d4 Be7 14. dxc5 Nxc5 15.
Ng4 Ne4 16. Nc2 Nc6 17. Nf2 f5 18. g4 Bh4 19. Nd3 Bf6 20. Ne5 fxg4 21. Bxg4
Bxe5 22. fxe5 Rxf1+ 23. Qxf1 Qg5 24. Qf5 Qxf5 25. Bxf5 Re8 26. e6 Ng5 27. Rd1
Nd8 28. Nd4 Ndxe6 29. Nxe6 Nxe6 30. Rc1 d4 31. exd4 Nf4 32. Rc7 Re1+ 33. Kf2
Re2+ 34. Kg3 Nh5+ 35. Kg4 Nf6+ 36. Kg3 Nh5+ 37. Kg4 Nf6+ 1/2-1/2

[Event "Midland Ch Forrest Cup"]
[Site "Derby"]
[Date "1991.03.24"]
[Round "5"]
[White "Tait, Jonathan A"]
[Black "Sagall, Roy"]
[Result "1/2-1/2"]
[WhiteElo "2128"]
[BlackElo "2040"]
[PlyCount "138"]
[EventDate "1991.03.22"]
[EventType "swiss"]
[EventRounds "6"]
[EventCountry "ENG"]
[SourceTitle "BritBase"]
[Source "John Saunders"]
[SourceDate "2022.11.28"]
[SourceVersion "1"]
[SourceVersionDate "2022.08.23"]
[SourceQuality "1"]

1. e4 c5 2. d4 cxd4 3. c3 Nf6 4. e5 Nd5 5. Nf3 Nc6 6. Bc4 Nb6 7. Bb3 d5 8. exd6
Qxd6 9. Na3 Be6 10. Nb5 Qd7 11. Bxe6 Qxe6+ 12. Be3 Qd7 13. Nbxd4 Nc4 14. Qe2
Nxe3 15. Qxe3 e6 16. O-O Be7 17. Rfd1 O-O 18. Qe4 Nxd4 19. Rxd4 Qc7 20. Rad1
Rad8 21. g3 Rxd4 22. Rxd4 Rd8 23. a3 Rxd4 24. Nxd4 Qb6 25. b4 Bf6 26. Ne2 g6
27. a4 Qd6 28. Kg2 Qd2 29. Qe3 Qxe3 30. fxe3 Kf8 31. Kf3 Ke7 32. Ke4 Kd6 33.
Nd4 a6 34. Kd3 Be7 35. c4 b6 36. Nb3 Kc6 37. Nd4+ Kd7 38. Nc2 e5 39. e4 Kc6 40.
Kc3 a5 41. bxa5 bxa5 42. Na1 f5 43. Nb3 Bb4+ 44. Kd3 Kb6 45. Ke3 Bc5+ 46. Kf3
h6 47. h3 Be7 48. g4 f4 49. Ke2 Bd8 50. Kf3 Kc6 51. Kg2 Kd6 52. Kf3 Ke6 53.
Nc5+ Kd6 54. Nb3 Bb6 55. Kg2 Ke6 56. Nd2 Kf6 57. Nb3 Kg5 58. Nd2 Kf6 59. Nb3
Ke6 60. Kf3 Kd6 61. Ke2 Ke6 62. Kf3 Kf6 63. Kg2 h5 64. Nd2 hxg4 65. hxg4 Bc7
66. Nf3 Bb6 67. Nd2 Bc5 68. Kf3 Bb4 69. Nb3 Bc3 1/2-1/2